000 00703cab a22002175a 4500
001 L157320
008 121016e20120907xxkd f s 000 0 eng d
035 _a(Sirsi) u157320
041 0 _aeng
110 2 _aExperian Economics
_95977
245 0 4 _aThe tracker
_ba summer lull
260 _c2012
490 _aBuilding
_v277 (8748) 12 October 2012, 54-55(2)
520 _aEconomic summary of the state of play, leading construction activity indicator, material costs, and regional perspective in the UK.
590 _aKA
650 2 4 _aEXPERIAN CONSTRUCTION INDUSTRY FOCUS
651 4 _aUnited Kingdom
_y
690 _aConstruction management
_96230
690 _aCost management
_96233
942 _n0
999 _c84330
_d84330